000 00793nam a2200205 a 4500
003 0
005 20250618134854.0
008 021120s19uu xx 00 eng d
050 _aPGS TX 355
_b.B715 2000
100 _aBonifacio, Faye Elois M.
245 _aSnack preferences: eating and buying-habits of grade3 and 4 students of Southville International School /
_cFaye Elois M. Bonifacio.
260 _aLas PiƱas City, Philippines :
_bSouthville International School and Colleges,
_c2000.
300 _a35 pages :
_bcolored illustrations ;
_c28 cm.
504 _aIncludes bibliographical references.
650 _aSchool children
_vNutrition.
650 _aEating habits.
650 _aFood preferences.
650 _aConsumer behavior
_vElementary school students.
942 _2lcc
_cPASS
999 _c96292
_d96292